[Event "RUS-ch Blitz 2021"]
[Site "Sochi"]
[Date "2021.10.11"]
[Round "6.11"]
[White "Khanin, Semen"]
[Black "Petrov, Nikita"]
[Result "1/2-1/2"]
[WhiteElo "2521"]
[BlackElo "2539"]
[Annotator "ChessBase"]
[PlyCount "118"]
[EventDate "2021.10.11"]
[EventType "blitz"]
[EventCountry "RUS"]
[SourceTitle "playchess.com"]
[Source "ChessBase"]
[SourceQuality "1"]
[TimeControl "180+2"]

1. e4 {[%emt 0:00:00]} c5 {[%emt 0:00:00]} 2. Nf3 {[%emt 0:00:18]} e6 {[%emt 0:
00:01]} 3. d4 {[%emt 0:00:00]} cxd4 {[%emt 0:00:00]} 4. Nxd4 {[%emt 0:00:00]}
Nf6 {[%emt 0:00:00]} 5. Nc3 {[%emt 0:00:00]} Nc6 {[%emt 0:00:00]} 6. Ndb5 {
[%emt 0:00:00]} Bb4 {[%emt 0:00:00]} 7. a3 {[%emt 0:00:01]} Bxc3+ {[%emt 0:00:
08]} 8. Nxc3 {[%emt 0:00:00]} d5 {[%emt 0:00:01]} 9. Bd3 {[%emt 0:00:07]} dxe4
{[%emt 0:00:00]} 10. Nxe4 {[%emt 0:00:01]} Nxe4 {[%emt 0:00:02]} 11. Bxe4 {
[%emt 0:00:08]} Qxd1+ {[%emt 0:00:00]} 12. Kxd1 {[%emt 0:00:00]} Bd7 {[%emt 0:
00:00]} 13. c3 {[%emt 0:00:15]} f5 {[%emt 0:00:14]} 14. Bc2 {[%emt 0:00:10]} e5
{[%emt 0:00:00]} 15. f3 {[%emt 0:00:16]} Be6 {[%emt 0:00:09]} 16. Ke2 {[%emt 0:
00:17]} O-O-O {[%emt 0:00:13]} 17. Bg5 {[%emt 0:00:06]} Rde8 {[%emt 0:00:18]}
18. Rhd1 {[%emt 0:00:06]} h6 {[%emt 0:00:15]} 19. Be3 {[%emt 0:00:00]} g5 {
[%emt 0:00:03]} 20. b4 {[%emt 0:00:29]} f4 {[%emt 0:00:44]} 21. Bc5 {[%emt 0:
00:04]} b6 {[%emt 0:00:13]} 22. Bd6 {[%emt 0:00:10]} e4 {[%emt 0:00:12]} 23.
Bxe4 {[%emt 0:00:15]} Bf5 {[%emt 0:00:00]} 24. Kd3 {[%emt 0:00:41]} Bxe4+ {
[%emt 0:00:01]} 25. fxe4 {[%emt 0:00:03]} Rd8 {[%emt 0:00:04]} 26. Kc2 {
[%emt 0:00:01]} Rhe8 {[%emt 0:00:03]} 27. b5 {[%emt 0:00:08]} Na5 {[%emt 0:00:
00]} 28. Rd4 {[%emt 0:00:03]} Rd7 {[%emt 0:00:49]} 29. Rad1 {[%emt 0:00:00]}
Nb7 {[%emt 0:00:01]} 30. Rc4+ {[%emt 0:00:04]} Kd8 {[%emt 0:00:07]} 31. Rcd4 {
[%emt 0:00:09]} Nxd6 {[%emt 0:00:11]} 32. Rxd6 {[%emt 0:00:00]} Rxd6 {[%emt 0:
00:02]} 33. Rxd6+ {[%emt 0:00:02]} Kc7 {[%emt 0:00:00]} 34. Rc6+ {[%emt 0:00:
05]} Kd7 {[%emt 0:00:07]} 35. Kd3 {[%emt 0:00:00]} Re6 {[%emt 0:00:06]} 36. Rc4
{[%emt 0:00:05]} Re5 {[%emt 0:00:03]} 37. a4 {[%emt 0:00:03]} g4 {[%emt 0:00:
00]} 38. Rd4+ {[%emt 0:00:02]} Ke6 {[%emt 0:00:06]} 39. Rd8 {[%emt 0:00:00]}
Rh5 {[%emt 0:00:00]} 40. Re8+ {[%emt 0:00:06]} Kf7 {[%emt 0:00:00]} 41. Ra8 {
[%emt 0:00:01]} Rxh2 {[%emt 0:00:04]} 42. Rxa7+ {[%emt 0:00:00]} Kf6 {[%emt 0:
00:02]} 43. a5 {[%emt 0:00:00]} bxa5 {[%emt 0:00:02]} 44. Ra6+ {[%emt 0:00:07]}
Ke7 {[%emt 0:00:04]} 45. Rxa5 {[%emt 0:00:02]} Rxg2 {[%emt 0:00:00]} 46. b6 {
[%emt 0:00:01]} Rb2 {[%emt 0:00:00]} 47. Ra7+ {[%emt 0:00:02]} Kd6 {[%emt 0:00:
03]} 48. Rg7 {[%emt 0:00:03]} g3 {[%emt 0:00:03]} 49. c4 {[%emt 0:00:00]} Kc6 {
[%emt 0:00:00]} 50. Rg6+ {[%emt 0:00:04]} Kb7 {[%emt 0:00:00]} 51. e5 {[%emt 0:
00:03]} Rxb6 {[%emt 0:00:07]} 52. Rg7+ {[%emt 0:00:04]} Kc8 {[%emt 0:00:02]}
53. Ke4 {[%emt 0:00:01]} Rb4 {[%emt 0:00:03]} 54. Kxf4 {[%emt 0:00:02]} Rxc4+ {
[%emt 0:00:02]} 55. Kf5 {[%emt 0:00:02]} Kd8 {[%emt 0:00:00]} 56. Rxg3 {
[%emt 0:00:01]} Rc6 {[%emt 0:00:03]} 57. e6 {[%emt 0:00:03]} Rc1 {[%emt 0:00:
02]} 58. Kf6 {[%emt 0:00:01]} Rf1+ {[%emt 0:00:01]} 59. Ke5 {[%emt 0:00:03]}
Re1+ {[%emt 0:00:01]} 1/2-1/2

[Event "RUS-ch Blitz 2021"]
[Site "Sochi"]
[Date "2021.10.11"]
[Round "6.12"]
[White "Shubin, Kirill"]
[Black "Savchenko, Boris"]
[Result "0-1"]
[WhiteElo "2463"]
[BlackElo "2535"]
[Annotator "ChessBase"]
[PlyCount "92"]
[EventDate "2021.10.11"]
[EventType "blitz"]
[EventCountry "RUS"]
[SourceTitle "playchess.com"]
[Source "ChessBase"]
[SourceQuality "1"]
[TimeControl "180+2"]

1. e4 {[%emt 0:00:00]} c5 {[%emt 0:00:00]} 2. Nf3 {[%emt 0:00:00]} d6 {[%emt 0:
00:08]} 3. Bb5+ {[%emt 0:00:05]} Bd7 {[%emt 0:00:00]} 4. Qe2 {[%emt 0:00:00]}
Nf6 {[%emt 0:00:00]} 5. Bxd7+ {[%emt 0:00:09]} Qxd7 {[%emt 0:00:00]} 6. O-O {
[%emt 0:00:00]} Nc6 {[%emt 0:00:03]} 7. c3 {[%emt 0:00:01]} g6 {[%emt 0:00:16]}
8. d4 {[%emt 0:00:06]} Bg7 {[%emt 0:00:04]} 9. d5 {[%emt 0:00:28]} Na5 {
[%emt 0:00:24]} 10. b4 {[%emt 0:00:41]} cxb4 {[%emt 0:00:16]} 11. cxb4 {
[%emt 0:00:04]} Nh5 {[%emt 0:00:00]} 12. e5 {[%emt 0:00:27]} dxe5 {[%emt 0:00:
07]} 13. Rd1 {[%emt 0:00:44]} Nf4 {[%emt 0:00:39]} 14. Bxf4 {[%emt 0:00:06]}
exf4 {[%emt 0:00:05]} 15. Nbd2 {[%emt 0:00:00]} Bxa1 {[%emt 0:00:07]} 16. Rxa1
{[%emt 0:00:02]} Qxd5 {[%emt 0:00:03]} 17. bxa5 {[%emt 0:00:01]} Qxa5 {[%emt 0:
00:02]} 18. Qe4 {[%emt 0:00:15]} Qc3 {[%emt 0:00:14]} 19. Rb1 {[%emt 0:00:11]}
O-O {[%emt 0:00:04]} 20. Qxe7 {[%emt 0:00:00]} Qc2 {[%emt 0:00:12]} 21. Rxb7 {
[%emt 0:00:11]} Qxa2 {[%emt 0:00:26]} 22. h3 {[%emt 0:00:04]} Qe6 {[%emt 0:00:
04]} 23. Qc7 {[%emt 0:00:00]} a5 {[%emt 0:00:03]} 24. Ng5 {[%emt 0:00:07]} Qf5
{[%emt 0:00:03]} 25. Nge4 {[%emt 0:00:04]} Rac8 {[%emt 0:00:09]} 26. Qb6 {
[%emt 0:00:06]} Rcd8 {[%emt 0:00:00]} 27. Qb2 {[%emt 0:00:02]} h5 {[%emt 0:00:
12]} 28. Nf6+ {[%emt 0:00:01]} Kh8 {[%emt 0:00:00]} 29. Nfe4+ {[%emt 0:00:00]}
Kh7 {[%emt 0:00:05]} 30. Nf6+ {[%emt 0:00:01]} Kh6 {[%emt 0:00:00]} 31. Nfe4 {
[%emt 0:00:03]} Rfe8 {[%emt 0:00:03]} 32. Rb5 {[%emt 0:00:00]} Rxd2 {[%emt 0:
00:00]} 33. Nxd2 {[%emt 0:00:05]} Qd3 {[%emt 0:00:00]} 34. Nf1 {[%emt 0:00:04]}
f3 {[%emt 0:00:06]} 35. Qf6 {[%emt 0:00:00]} Qxb5 {[%emt 0:00:01]} 36. Qxf7 {
[%emt 0:00:04]} Qe5 {[%emt 0:00:04]} 37. Ne3 {[%emt 0:00:00]} fxg2 {[%emt 0:00:
00]} 38. Qa7 {[%emt 0:00:02]} Qe7 {[%emt 0:00:03]} 39. Qxa5 {[%emt 0:00:04]}
Qg5 {[%emt 0:00:00]} 40. Qb6 {[%emt 0:00:00]} Rf8 {[%emt 0:00:04]} 41. Qd6 {
[%emt 0:00:04]} Rxf2 {[%emt 0:00:04]} 42. Qd4 {[%emt 0:00:02]} Qf6 {[%emt 0:00:
04]} 43. Qd1 {[%emt 0:00:02]} Qf3 {[%emt 0:00:03]} 44. Qc1 {[%emt 0:00:02]} Qf4
{[%emt 0:00:00]} 45. Qc3 {[%emt 0:00:02]} Rf1+ {[%emt 0:00:01]} 46. Kxg2 {
[%emt 0:00:02]} Qf2# {[%emt 0:00:02]} 0-1

[Event "RUS-ch Blitz 2021"]
[Site "Sochi"]
[Date "2021.10.11"]
[Round "6.13"]
[White "Trushnikov, Sergey"]
[Black "Dudin, Gleb"]
[Result "1/2-1/2"]
[WhiteElo "2525"]
[BlackElo "2438"]
[Annotator "ChessBase"]
[PlyCount "66"]
[EventDate "2021.10.11"]
[EventType "blitz"]
[EventCountry "RUS"]
[SourceTitle "playchess.com"]
[Source "ChessBase"]
[SourceQuality "1"]
[TimeControl "180+2"]

1. e4 {[%emt 0:00:00]} c5 {[%emt 0:00:00]} 2. g3 {[%emt 0:00:00]} Nc6 {[%emt 0:
00:10]} 3. Bg2 {[%emt 0:00:03]} g6 {[%emt 0:00:00]} 4. Ne2 {[%emt 0:00:00]} Bg7
{[%emt 0:00:00]} 5. d3 {[%emt 0:00:00]} d6 {[%emt 0:00:06]} 6. O-O {[%emt 0:00:
07]} e5 {[%emt 0:00:00]} 7. Nd2 {[%emt 0:00:00]} Nge7 {[%emt 0:00:05]} 8. Nc3 {
[%emt 0:00:00]} O-O {[%emt 0:00:05]} 9. Nc4 {[%emt 0:00:00]} a6 {[%emt 0:00:26]
} 10. a4 {[%emt 0:00:00]} Be6 {[%emt 0:00:07]} 11. Nd5 {[%emt 0:00:00]} h6 {
[%emt 0:00:25]} 12. c3 {[%emt 0:00:00]} Kh7 {[%emt 0:00:00]} 13. a5 {[%emt 0:
00:06]} Rb8 {[%emt 0:00:22]} 14. Bd2 {[%emt 0:00:08]} f5 {[%emt 0:00:09]} 15.
f4 {[%emt 0:00:00]} exf4 {[%emt 0:00:09]} 16. Bxf4 {[%emt 0:00:22]} Ne5 {
[%emt 0:00:09]} 17. Bxe5 {[%emt 0:00:44]} dxe5 {[%emt 0:00:03]} 18. Nxe7 {
[%emt 0:00:03]} Qxe7 {[%emt 0:00:05]} 19. exf5 {[%emt 0:00:33]} gxf5 {[%emt 0:
00:00]} 20. Qh5 {[%emt 0:00:15]} Qg5 {[%emt 0:00:25]} 21. Qxg5 {[%emt 0:00:05]}
hxg5 {[%emt 0:00:00]} 22. g4 {[%emt 0:00:04]} f4 {[%emt 0:00:23]} 23. h3 {
[%emt 0:00:07]} Rfd8 {[%emt 0:00:07]} 24. Rae1 {[%emt 0:00:14]} Bxc4 {[%emt 0:
00:29]} 25. dxc4 {[%emt 0:00:00]} b6 {[%emt 0:00:00]} 26. axb6 {[%emt 0:00:05]}
Rxb6 {[%emt 0:00:00]} 27. Re2 {[%emt 0:00:08]} Bf6 {[%emt 0:00:00]} 28. Ra1 {
[%emt 0:00:08]} Kg7 {[%emt 0:00:08]} 29. Be4 {[%emt 0:00:00]} Rdb8 {[%emt 0:00:
04]} 30. Ra2 {[%emt 0:00:00]} Rd8 {[%emt 0:00:03]} 31. Ra1 {[%emt 0:00:14]}
Rdb8 {[%emt 0:00:00]} 32. Ra2 {[%emt 0:00:02]} Rd8 {[%emt 0:00:01]} 33. Ra1 {
[%emt 0:00:08]} Rdb8 {[%emt 0:00:04]} 1/2-1/2

[Event "RUS-ch Blitz 2021"]
[Site "Sochi"]
[Date "2021.10.11"]
[Round "6.14"]
[White "Pershin, Denis"]
[Black "Bologan, Victor"]
[Result "1-0"]
[WhiteElo "2388"]
[BlackElo "2574"]
[Annotator "ChessBase"]
[PlyCount "131"]
[EventDate "2021.10.11"]
[EventType "blitz"]
[EventCountry "RUS"]
[SourceTitle "playchess.com"]
[Source "ChessBase"]
[SourceQuality "1"]
[TimeControl "180+2"]

1. d4 {[%emt 0:00:00]} d6 {[%emt 0:00:09]} 2. Nf3 {[%emt 0:00:02]} Nf6 {
[%emt 0:00:00]} 3. c4 {[%emt 0:00:00]} g6 {[%emt 0:00:00]} 4. g3 {[%emt 0:00:
13]} Bg7 {[%emt 0:00:00]} 5. Bg2 {[%emt 0:00:00]} O-O {[%emt 0:00:00]} 6. O-O {
[%emt 0:00:00]} c6 {[%emt 0:00:04]} 7. Nc3 {[%emt 0:00:00]} Qa5 {[%emt 0:00:00]
} 8. Qc2 {[%emt 0:00:31]} Qh5 {[%emt 0:00:07]} 9. Bd2 {[%emt 0:00:17]} Bh3 {
[%emt 0:00:23]} 10. Bxh3 {[%emt 0:00:19]} Qxh3 {[%emt 0:00:01]} 11. Ne4 {
[%emt 0:00:00]} Nbd7 {[%emt 0:00:40]} 12. Neg5 {[%emt 0:00:09]} Qh5 {[%emt 0:
00:05]} 13. Kg2 {[%emt 0:00:25]} d5 {[%emt 0:00:12]} 14. Nh3 {[%emt 0:00:51]}
Qf5 {[%emt 0:00:01]} 15. Qxf5 {[%emt 0:00:04]} gxf5 {[%emt 0:00:00]} 16. cxd5 {
[%emt 0:00:03]} Nxd5 {[%emt 0:00:15]} 17. Nf4 {[%emt 0:00:05]} N7b6 {[%emt 0:
00:02]} 18. Rac1 {[%emt 0:00:05]} e6 {[%emt 0:00:06]} 19. Nd3 {[%emt 0:00:00]}
Nd7 {[%emt 0:00:02]} 20. b4 {[%emt 0:00:10]} f6 {[%emt 0:00:17]} 21. Nf4 {
[%emt 0:00:13]} Kf7 {[%emt 0:00:02]} 22. Nxd5 {[%emt 0:00:08]} exd5 {[%emt 0:
00:00]} 23. Ne1 {[%emt 0:00:00]} Nb6 {[%emt 0:00:05]} 24. Nd3 {[%emt 0:00:04]}
Nc4 {[%emt 0:00:00]} 25. Bc3 {[%emt 0:00:01]} Bh6 {[%emt 0:00:09]} 26. e3 {
[%emt 0:00:00]} b6 {[%emt 0:00:02]} 27. Rb1 {[%emt 0:00:00]} Ke6 {[%emt 0:00:
04]} 28. Kf3 {[%emt 0:00:08]} a6 {[%emt 0:00:09]} 29. Rfc1 {[%emt 0:00:00]}
Rfe8 {[%emt 0:00:00]} 30. h4 {[%emt 0:00:02]} Kd7 {[%emt 0:00:00]} 31. a4 {
[%emt 0:00:00]} Bxe3 {[%emt 0:00:04]} 32. Re1 {[%emt 0:00:06]} Bd2 {[%emt 0:00:
05]} 33. Rxe8 {[%emt 0:00:06]} Rxe8 {[%emt 0:00:01]} 34. Ba1 {[%emt 0:00:02]}
Bh6 {[%emt 0:00:21]} 35. Bc3 {[%emt 0:00:01]} Bd2 {[%emt 0:00:03]} 36. Ba1 {
[%emt 0:00:01]} Re4 {[%emt 0:00:09]} 37. a5 {[%emt 0:00:00]} bxa5 {[%emt 0:00:
05]} 38. bxa5 {[%emt 0:00:02]} Kd6 {[%emt 0:00:16]} 39. Nc5 {[%emt 0:00:00]}
Re7 {[%emt 0:00:02]} 40. Nb7+ {[%emt 0:00:02]} Kc7 {[%emt 0:00:04]} 41. Nc5 {
[%emt 0:00:02]} Bxa5 {[%emt 0:00:04]} 42. Nxa6+ {[%emt 0:00:09]} Kd6 {[%emt 0:
00:00]} 43. Rb8 {[%emt 0:00:00]} Re1 {[%emt 0:00:08]} 44. Rb7 {[%emt 0:00:07]}
Bb6 {[%emt 0:00:10]} 45. Bc3 {[%emt 0:00:00]} Rb1 {[%emt 0:00:03]} 46. Bb4+ {
[%emt 0:00:00]} c5 {[%emt 0:00:02]} 47. dxc5+ {[%emt 0:00:01]} Kc6 {[%emt 0:00:
00]} 48. Rb8 {[%emt 0:00:05]} Ba5 {[%emt 0:00:03]} 49. Bxa5 {[%emt 0:00:04]}
Rxb8 {[%emt 0:00:00]} 50. Nxb8+ {[%emt 0:00:00]} Kb7 {[%emt 0:00:02]} 51. Bc3 {
[%emt 0:00:03]} Kxb8 {[%emt 0:00:01]} 52. Kf4 {[%emt 0:00:00]} Kb7 {[%emt 0:00:
01]} 53. Kxf5 {[%emt 0:00:02]} Kc6 {[%emt 0:00:00]} 54. Bd4 {[%emt 0:00:01]}
Ne5 {[%emt 0:00:00]} 55. Kxf6 {[%emt 0:00:04]} Nf3 {[%emt 0:00:00]} 56. Be3 {
[%emt 0:00:00]} d4 {[%emt 0:00:03]} 57. Bxd4 {[%emt 0:00:03]} Nxd4 {[%emt 0:00:
01]} 58. Kg7 {[%emt 0:00:02]} Kxc5 {[%emt 0:00:01]} 59. Kxh7 {[%emt 0:00:00]}
Kd6 {[%emt 0:00:00]} 60. Kg6 {[%emt 0:00:02]} Nf3 {[%emt 0:00:03]} 61. h5 {
[%emt 0:00:02]} Ke7 {[%emt 0:00:02]} 62. Kg7 {[%emt 0:00:02]} Nd4 {[%emt 0:00:
00]} 63. h6 {[%emt 0:00:04]} Nf5+ {[%emt 0:00:02]} 64. Kg6 {[%emt 0:00:00]} Nd6
{[%emt 0:00:03]} 65. h7 {[%emt 0:00:01]} Nf7 {[%emt 0:00:04]} 66. Kg7 {[%emt 0:
00:00]} 1-0

[Event "RUS-ch Blitz 2021"]
[Site "Sochi"]
[Date "2021.10.11"]
[Round "6.15"]
[White "Lobanov, Sergei"]
[Black "Lysyj, Igor"]
[Result "1/2-1/2"]
[WhiteElo "2501"]
[BlackElo "2603"]
[Annotator "ChessBase"]
[PlyCount "106"]
[EventDate "2021.10.11"]
[EventType "blitz"]
[EventCountry "RUS"]
[SourceTitle "playchess.com"]
[Source "ChessBase"]
[SourceQuality "1"]
[TimeControl "180+2"]

1. e4 {[%emt 0:00:00]} e5 {[%emt 0:00:00]} 2. Nf3 {[%emt 0:00:00]} Nc6 {
[%emt 0:00:11]} 3. Bb5 {[%emt 0:00:02]} a6 {[%emt 0:00:00]} 4. Ba4 {[%emt 0:00:
00]} Nf6 {[%emt 0:00:00]} 5. d4 {[%emt 0:00:00]} exd4 {[%emt 0:00:01]} 6. O-O {
[%emt 0:00:04]} Be7 {[%emt 0:00:00]} 7. e5 {[%emt 0:00:08]} Ne4 {[%emt 0:00:00]
} 8. Nxd4 {[%emt 0:00:11]} O-O {[%emt 0:00:08]} 9. Nf5 {[%emt 0:00:16]} d5 {
[%emt 0:00:04]} 10. exd6 {[%emt 0:00:24]} Bxf5 {[%emt 0:00:18]} 11. dxe7 {
[%emt 0:00:00]} Qxe7 {[%emt 0:00:00]} 12. Bxc6 {[%emt 0:00:12]} bxc6 {[%emt 0:
00:00]} 13. Qf3 {[%emt 0:00:08]} Bg6 {[%emt 0:00:13]} 14. Nc3 {[%emt 0:00:07]}
Rfe8 {[%emt 0:00:18]} 15. Bf4 {[%emt 0:00:09]} Qb4 {[%emt 0:00:07]} 16. Nxe4 {
[%emt 0:00:19]} Rxe4 {[%emt 0:00:03]} 17. Bxc7 {[%emt 0:00:05]} Qxb2 {[%emt 0:
00:00]} 18. Qb3 {[%emt 0:00:14]} Rb4 {[%emt 0:00:13]} 19. Qxb2 {[%emt 0:00:07]}
Rxb2 {[%emt 0:00:00]} 20. c3 {[%emt 0:00:00]} Re8 {[%emt 0:00:16]} 21. Rfe1 {
[%emt 0:00:00]} Rxe1+ {[%emt 0:00:15]} 22. Rxe1 {[%emt 0:00:00]} f6 {[%emt 0:
00:00]} 23. a4 {[%emt 0:00:06]} Ra2 {[%emt 0:00:12]} 24. a5 {[%emt 0:00:09]}
Rc2 {[%emt 0:00:00]} 25. h3 {[%emt 0:00:13]} Rxc3 {[%emt 0:00:01]} 26. Re7 {
[%emt 0:00:00]} Bd3 {[%emt 0:00:08]} 27. Bb6 {[%emt 0:00:04]} h6 {[%emt 0:00:
12]} 28. Rc7 {[%emt 0:00:03]} Bb5 {[%emt 0:00:04]} 29. Kh2 {[%emt 0:00:06]} h5
{[%emt 0:00:08]} 30. h4 {[%emt 0:00:00]} Rd3 {[%emt 0:00:00]} 31. Re7 {[%emt 0:
00:11]} Kh7 {[%emt 0:00:09]} 32. Rc7 {[%emt 0:00:11]} Kg6 {[%emt 0:00:07]} 33.
Re7 {[%emt 0:00:00]} Rc3 {[%emt 0:00:02]} 34. Rc7 {[%emt 0:00:00]} Rc4 {
[%emt 0:00:00]} 35. Kh3 {[%emt 0:00:10]} Rg4 {[%emt 0:00:06]} 36. f3 {[%emt 0:
00:08]} Rc4 {[%emt 0:00:00]} 37. Kh2 {[%emt 0:00:07]} Rc2 {[%emt 0:00:00]} 38.
Kg1 {[%emt 0:00:00]} Rc4 {[%emt 0:00:11]} 39. Bf2 {[%emt 0:00:00]} Rc1+ {
[%emt 0:00:02]} 40. Kh2 {[%emt 0:00:01]} Rc2 {[%emt 0:00:00]} 41. Kg1 {[%emt 0:
00:00]} Rc4 {[%emt 0:00:06]} 42. Kh2 {[%emt 0:00:10]} Ra4 {[%emt 0:00:00]} 43.
Be1 {[%emt 0:00:07]} Ra2 {[%emt 0:00:04]} 44. Kg1 {[%emt 0:00:04]} Ra1 {
[%emt 0:00:00]} 45. Kf2 {[%emt 0:00:02]} Rc1 {[%emt 0:00:03]} 46. Bb4 {[%emt 0:
00:02]} Rc2+ {[%emt 0:00:00]} 47. Kg1 {[%emt 0:00:01]} Rc4 {[%emt 0:00:15]} 48.
Bf8 {[%emt 0:00:01]} Rxh4 {[%emt 0:00:04]} 49. Rxg7+ {[%emt 0:00:00]} Kf5 {
[%emt 0:00:00]} 50. Rh7 {[%emt 0:00:03]} Ra4 {[%emt 0:00:08]} 51. Rxh5+ {
[%emt 0:00:06]} Kg6 {[%emt 0:00:04]} 52. Rh6+ {[%emt 0:00:01]} Kf7 {[%emt 0:00:
00]} 53. Bc5 {[%emt 0:00:04]} Rc4 {[%emt 0:00:06]} 1/2-1/2

[Event "RUS-ch Blitz 2021"]
[Site "Sochi"]
[Date "2021.10.11"]
[Round "6.16"]
[White "Radzhabov, Rodion"]
[Black "Popov, Valerij"]
[Result "0-1"]
[WhiteElo "2361"]
[BlackElo "2537"]
[Annotator "ChessBase"]
[PlyCount "52"]
[EventDate "2021.10.11"]
[EventType "blitz"]
[EventCountry "RUS"]
[SourceTitle "playchess.com"]
[Source "ChessBase"]
[SourceQuality "1"]
[TimeControl "180+2"]

1. e4 {[%emt 0:00:04]} e6 {[%emt 0:00:00]} 2. d4 {[%emt 0:00:06]} d5 {[%emt 0:
00:02]} 3. Nd2 {[%emt 0:00:00]} h6 {[%emt 0:00:00]} 4. Bd3 {[%emt 0:00:04]} Nc6
{[%emt 0:00:04]} 5. Ne2 {[%emt 0:00:05]} dxe4 {[%emt 0:00:34]} 6. Nxe4 {
[%emt 0:00:00]} Be7 {[%emt 0:00:00]} 7. c3 {[%emt 0:00:00]} Nf6 {[%emt 0:00:10]
} 8. Nxf6+ {[%emt 0:00:00]} Bxf6 {[%emt 0:00:00]} 9. Ng3 {[%emt 0:00:03]} e5 {
[%emt 0:00:16]} 10. O-O {[%emt 0:00:27]} exd4 {[%emt 0:00:04]} 11. Re1+ {
[%emt 0:00:00]} Be6 {[%emt 0:00:04]} 12. Qh5 {[%emt 0:00:38]} Qd7 {[%emt 0:00:
14]} 13. Ne4 {[%emt 0:00:41]} Be7 {[%emt 0:00:05]} 14. Bf4 {[%emt 0:00:27]}
dxc3 {[%emt 0:00:28]} 15. Rad1 {[%emt 0:00:00]} Bg4 {[%emt 0:00:18]} 16. Qb5 {
[%emt 0:00:21]} Bxd1 {[%emt 0:00:01]} 17. Nc5 {[%emt 0:00:07]} Qg4 {[%emt 0:00:
20]} 18. Qxb7 {[%emt 0:00:21]} O-O {[%emt 0:00:08]} 19. Qxc6 {[%emt 0:00:08]}
Qxf4 {[%emt 0:00:13]} 20. Rxd1 {[%emt 0:00:00]} Bxc5 {[%emt 0:00:06]} 21. Qxc5
{[%emt 0:00:10]} cxb2 {[%emt 0:00:00]} 22. Bb1 {[%emt 0:00:01]} Rfd8 {[%emt 0:
00:08]} 23. Re1 {[%emt 0:00:03]} Qd2 {[%emt 0:00:07]} 24. Rf1 {[%emt 0:00:02]}
Re8 {[%emt 0:00:15]} 25. Qf5 {[%emt 0:00:00]} g6 {[%emt 0:00:00]} 26. Qf6 {
[%emt 0:00:04]} Re1 {[%emt 0:00:00]} 0-1

[Event "RUS-ch Blitz 2021"]
[Site "Sochi"]
[Date "2021.10.11"]
[Round "6.17"]
[White "Zakhartsov, Vladimir"]
[Black "Pogosyan, Stefan"]
[Result "1-0"]
[WhiteElo "2514"]
[BlackElo "2407"]
[Annotator "ChessBase"]
[PlyCount "101"]
[EventDate "2021.10.11"]
[EventType "blitz"]
[EventCountry "RUS"]
[SourceTitle "playchess.com"]
[Source "ChessBase"]
[SourceQuality "1"]
[TimeControl "180+2"]

1. e4 {[%emt 0:00:00]} Nc6 {[%emt 0:00:10]} 2. Nf3 {[%emt 0:00:02]} e5 {
[%emt 0:00:00]} 3. d4 {[%emt 0:00:00]} exd4 {[%emt 0:00:03]} 4. Nxd4 {[%emt 0:
00:05]} Bc5 {[%emt 0:00:00]} 5. Nb3 {[%emt 0:00:00]} Bb6 {[%emt 0:00:00]} 6.
Nc3 {[%emt 0:00:00]} Nf6 {[%emt 0:00:00]} 7. Qe2 {[%emt 0:00:14]} O-O {[%emt 0:
00:00]} 8. Be3 {[%emt 0:00:03]} d5 {[%emt 0:00:41]} 9. O-O-O {[%emt 0:00:12]}
d4 {[%emt 0:00:00]} 10. Bg5 {[%emt 0:00:26]} Qd6 {[%emt 0:01:29]} 11. Bxf6 {
[%emt 0:00:37]} Qxf6 {[%emt 0:00:01]} 12. Nd5 {[%emt 0:00:04]} Qh6+ {[%emt 0:
00:09]} 13. Kb1 {[%emt 0:00:11]} Be6 {[%emt 0:00:00]} 14. f4 {[%emt 0:00:22]}
Rfe8 {[%emt 0:00:12]} 15. Qf3 {[%emt 0:00:14]} Bxd5 {[%emt 0:00:16]} 16. exd5 {
[%emt 0:00:00]} Nb4 {[%emt 0:00:08]} 17. Bc4 {[%emt 0:00:01]} Re3 {[%emt 0:00:
02]} 18. Qg4 {[%emt 0:00:00]} d3 {[%emt 0:00:24]} 19. c3 {[%emt 0:00:00]} Na6 {
[%emt 0:00:00]} 20. Bxd3 {[%emt 0:00:10]} Nc5 {[%emt 0:00:00]} 21. Nxc5 {
[%emt 0:00:04]} Bxc5 {[%emt 0:00:00]} 22. Bc2 {[%emt 0:00:09]} Qf6 {[%emt 0:00:
03]} 23. Rhe1 {[%emt 0:00:07]} g6 {[%emt 0:00:00]} 24. Rxe3 {[%emt 0:00:03]}
Bxe3 {[%emt 0:00:01]} 25. g3 {[%emt 0:00:00]} Rd8 {[%emt 0:00:07]} 26. Qe2 {
[%emt 0:00:10]} Bc5 {[%emt 0:00:00]} 27. h4 {[%emt 0:00:04]} h5 {[%emt 0:00:08]
} 28. f5 {[%emt 0:00:00]} Bd6 {[%emt 0:00:00]} 29. fxg6 {[%emt 0:00:04]} fxg6 {
[%emt 0:00:01]} 30. g4 {[%emt 0:00:00]} hxg4 {[%emt 0:00:04]} 31. Qxg4 {
[%emt 0:00:03]} Kg7 {[%emt 0:00:00]} 32. Rg1 {[%emt 0:00:04]} Bc5 {[%emt 0:00:
01]} 33. Qxg6+ {[%emt 0:00:13]} Qxg6 {[%emt 0:00:01]} 34. Rxg6+ {[%emt 0:00:00]
} Kf7 {[%emt 0:00:00]} 35. b4 {[%emt 0:00:10]} Be3 {[%emt 0:00:01]} 36. Rg3 {
[%emt 0:00:04]} Bd2 {[%emt 0:00:03]} 37. Bb3 {[%emt 0:00:01]} Kf6 {[%emt 0:00:
02]} 38. Kc2 {[%emt 0:00:02]} Bf4 {[%emt 0:00:05]} 39. Rf3 {[%emt 0:00:05]} Ke5
{[%emt 0:00:00]} 40. Rf1 {[%emt 0:00:01]} Rh8 {[%emt 0:00:02]} 41. Re1+ {
[%emt 0:00:04]} Kf5 {[%emt 0:00:00]} 42. Rh1 {[%emt 0:00:02]} Kg4 {[%emt 0:00:
02]} 43. Rg1+ {[%emt 0:00:04]} Bg3 {[%emt 0:00:02]} 44. c4 {[%emt 0:00:04]}
Rxh4 {[%emt 0:00:00]} 45. c5 {[%emt 0:00:01]} Rh2+ {[%emt 0:00:03]} 46. Kd3 {
[%emt 0:00:00]} Kf4 {[%emt 0:00:04]} 47. Kc4 {[%emt 0:00:05]} Rh4 {[%emt 0:00:
05]} 48. Kb5 {[%emt 0:00:05]} Bf2 {[%emt 0:00:00]} 49. Rg7 {[%emt 0:00:00]} a6+
{[%emt 0:00:06]} 50. Ka4 {[%emt 0:00:03]} b5+ {[%emt 0:00:03]} 51. Ka5 {
[%emt 0:00:00]} 1-0

[Event "RUS-ch Blitz 2021"]
[Site "Sochi"]
[Date "2021.10.11"]
[Round "6.18"]
[White "Demidov, Mikhail"]
[Black "Smagin, Sergey"]
[Result "1-0"]
[WhiteElo "2551"]
[BlackElo "2551"]
[Annotator "ChessBase"]
[PlyCount "50"]
[EventDate "2021.10.11"]
[EventType "blitz"]
[EventCountry "RUS"]
[SourceTitle "playchess.com"]
[Source "ChessBase"]
[SourceQuality "1"]
[TimeControl "180+2"]

1. Nf3 {[%emt 0:00:04]} d5 {[%emt 0:00:00]} 2. g3 {[%emt 0:00:00]} c5 {[%emt 0:
00:11]} 3. Bg2 {[%emt 0:00:00]} Nc6 {[%emt 0:00:00]} 4. d4 {[%emt 0:00:12]} e6
{[%emt 0:00:00]} 5. O-O {[%emt 0:00:00]} Nf6 {[%emt 0:00:00]} 6. c4 {[%emt 0:
00:00]} dxc4 {[%emt 0:00:00]} 7. Qa4 {[%emt 0:00:25]} Bd7 {[%emt 0:00:00]} 8.
dxc5 {[%emt 0:00:08]} Na5 {[%emt 0:00:00]} 9. Qa3 {[%emt 0:00:12]} b6 {[%emt 0:
00:00]} 10. b4 {[%emt 0:00:08]} cxb3 {[%emt 0:00:26]} 11. axb3 {[%emt 0:00:00]}
Bxc5 {[%emt 0:00:00]} 12. b4 {[%emt 0:00:02]} Be7 {[%emt 0:00:01]} 13. Ne5 {
[%emt 0:00:16]} Rc8 {[%emt 0:00:14]} 14. Rd1 {[%emt 0:00:08]} Nc4 {[%emt 0:00:
19]} 15. Nxc4 {[%emt 0:00:34]} Rxc4 {[%emt 0:00:00]} 16. Qxa7 {[%emt 0:00:00]}
O-O {[%emt 0:00:13]} 17. Bb2 {[%emt 0:00:35]} Qc8 {[%emt 0:00:56]} 18. Nd2 {
[%emt 0:00:24]} Rxb4 {[%emt 0:00:16]} 19. Rac1 {[%emt 0:00:07]} Qe8 {[%emt 0:
00:47]} 20. Bxf6 {[%emt 0:00:08]} Bxf6 {[%emt 0:00:10]} 21. Ne4 {[%emt 0:00:00]
} Ba4 {[%emt 0:00:04]} 22. Nxf6+ {[%emt 0:00:09]} gxf6 {[%emt 0:00:00]} 23. Rd2
{[%emt 0:00:05]} Kg7 {[%emt 0:00:09]} 24. h3 {[%emt 0:00:00]} Qb8 {[%emt 0:00:
02]} 25. Qa6 {[%emt 0:00:00]} Qd8 {[%emt 0:00:02]} 1-0